Music Quiz

Random Music or Kpop Quiz
Score 0/25 Timer 10:00
0 Plays Today
% Correct
I
82.4%
LIKEY
80.7%
DINOSAUR
76.9%
You In Me
72.7%
ISLAND
72.1%
You Are
71.9%
FIVE
59.9%
Jackpot
57.1%
Before The Dawn
55.3%
HANDS UP
50.6%
How Can I Say
40.8%
Um Oh Ah Yeh
38%
WINDY DAY
36.6%
% Correct
GOTTA BE YOU
35.5%
JOY
34.5%
I (knew it)
31.9%
I Swear
29.8%
Remember
28.1%
Whoo
26.9%
Warm Hole
25.2%
Like a Flower
18.3%
MIND CONTROL
15.3%
Way Back Home
8.8%
Ocean View
5.7%
The day we broke up
5%
Remove Ads.
Support Sporcle.
Get the best of Sporcle when you Go Orange. This ad-free experience offers more features, more stats, and more fun while also helping to support Sporcle. Thank you for becoming a member.

You're not logged in!

Compare scores with friends on all Sporcle quizzes.
OR
Log In

Sporcle TV

Today on Sporcle TV


Watch our educational content, quiz creation guides, and fun videos on Sporcle TV.

Show Comments

Extras

Top Quizzes Today


Score Distribution

Paid Content

Your Account Isn't Verified!

In order to create a playlist on Sporcle, you need to verify the email address you used during registration. Go to your Sporcle Settings to finish the process.

Report this User

Report this user for behavior that violates our Community Guidelines.

Details: